000 01587naa a22003377a 4500
001 BR8602758
003 BR-BrBNA
005 20240918175717.0
007 ta
008 230509b bl.||||| |||| 00| 0 por d
040 _aBR-BrBNA
_bpor
_cBiblioteca Nacional de Agricultura
041 _a(Pt)
072 _aF04
_b1000
_b3851
_b3864
090 _aF04 BR8602758
100 1 _aBoeira, R.C.
100 1 _aKoller, O.C.
100 1 _aBergamin, F.N.
111 1 _a8. Congresso Brasileiro de Fruticultura
_cBrasilia, DF (Brazil)
_d26-31 Jan 1986
245 1 _aAdubacao mineral e organica em porta-enxertos de citros
246 1 _aMineral and organic fertilization evaluated on citrus rootstocks
246 1 _a[Annals of the 8. Brazilian Congress of Fruitculture. v. 1]
260 3 _aBrasilia, DF (Brasil):
_bEMBRAPA. DDT,
_c1986.
500 _aPinto, A.C. de Q.; Genu, P.J. de C. (eds.) Anais do 8. Congresso Brasileiro de Fruticultura. v. 1 Brasilia, DF (Brasil): EMBRAPA. DDT, 1986. p. 167-174 (BR8602758-AM)F04
650 _aFRUTA CITRICA
650 _aPORTA ENXERTO
650 _aFERTILIZANTE
650 _aADUBO ORGANICO
773 0 _tAnais do 8. Congresso Brasileiro de Fruticultura. v. 1
_aPinto, A.C. de Q.; Genu, P.J. de C. (eds.). Sociedade Brasileira de Fruticultura, Brasilia, DF (Brasil);Empresa Brasileira de Pesquisa Agropecuaria, Brasilia, DF (Brasil);Conselho Nacional de Desenvolvimento Cientifico e Tecnologico, Brasilia, DF (Brasil)
_wF04 BR8602758
_gBrasilia, DF (Brasil), 1986. p. 167-174
909 _a202404
_bLucia
_c55
_dLucia Elande
942 _cAM
_2AGRIS
999 _c317849
_d317849